Seperti Anjing dan Kucing
| Main Author: | |
|---|---|
| Format: | Book |
| Published: |
Selangor :
Eddiplex Sdn Bhd ,
1995
|
| Series: | Siri Cerita Dongeng Adikku Sayang
|
| Subjects: |
MARC
| LEADER | 00000cam a2200000 7i4500 | ||
|---|---|---|---|
| 001 | 0000087285 | ||
| 005 | 20110627.0 | ||
| 008 | 100526 bm | ||
| 020 | |a 9838801437 | ||
| 090 | 0 | 0 | |a J 398.22 SIR |
| 100 | 1 | |a Syed Hamzah Syed Bakar | |
| 245 | 1 | 0 | |a Seperti Anjing dan Kucing |c Syed Hamzah Syed Bakar |
| 260 | |a Selangor : |b Eddiplex Sdn Bhd , |c 1995 | ||
| 300 | |a 23p : |b col.ill. ; |c 22cm. | ||
| 440 | 0 | |a Siri Cerita Dongeng Adikku Sayang | |
| 650 | 0 | 0 | |a Reading |
| 999 | |a 0000409776 |b Buku |c Koleksi Pinjaman Kanak-Kanak |e Perpustakaan Cawangan Jasin | ||